Départements ne possédant aucune ville de plus de 30 000 habitants - Statistiques

Statistiques générales
  • Ce quiz a été pris 136 fois
  • Le résultat moyen est 11 sur 16
Statistiques - réponses
Département % Correct
Creuse
90%
Ariège
82%
Cantal
81%
Lozère
81%
Ardèche
77%
Aveyron
73%
Gers
73%
Lot
72%
Jura
71%
Alpes-de-Haute-Provence
69%
Haute-Loire
62%
Meuse
60%
Haute-Marne
58%
Haute-Saône
58%
Dordogne
57%
Orne
51%
Aucun quiz correspondant
Distribution des résultats
% des personnes avec chaque résultat
Percentile par nombre de réponses
Votre historique - résultats
Vous n’avez pas pris ce quiz